[Event "1. Bundesliga 2017/2018"]
[Site "Grieskirchen"]
[Date "2018.01.18"]
[Round "5"]
[Board "3"]
[White "Nagy, Gabor"]
[Black "Rubil, Marko"]
[Result "1-0"]
[WhiteElo "2481"]
[BlackElo "2231"]
[PlyCount "61"]
[EventDate "2017.11.16"]
[EventType "team"]
[EventRounds "11"]
[EventCountry "AUT"]
[WhiteTeam "ASVOE Wulkaprodersdorf"]
[BlackTeam "ASVOE Pamhagen"]

1.Nf3 Nf6 2.c4 g6 3.Nc3 Bg7 4.g3 d6 5.Bg2 O-O 6.O-O Nc6 7.d4 e5 8.dxe5 dxe5 9.Bg5
Be6 10.Qa4 Qe8 11.Nd2 h6 12.Bxf6 Bxf6 13.e3 Bg7 14.Nd5 Rc8 15.Ne4 f5 16.Nc5 e4 17.Nxb7
Ne5 18.Qxa7 Nxc4 19.Qc5 Nxb2 20.Ne7+ Kh7 21.Nxc8 Qxc8 22.Qa7 c5 23.Nxc5 Bc4 24.Rfc1
Rf7 25.Qb6 Rc7 26.Nxe4 fxe4 27.Bxe4 Kh8 28.Rab1 Re7 29.Qxg6 Qg8 30.Rxc4 Nxc4 31.Rb8 1-0

[Event "1. Bundesliga 2017/2018"]
[Site "Grieskirchen"]
[Date "2018.01.18"]
[Round "5"]
[Board "4"]
[White "Horvath, Dominik"]
[Black "Yankelevich, Lev"]
[Result "1-0"]
[WhiteElo "2383"]
[BlackElo "2411"]
[PlyCount "113"]
[EventDate "2017.11.16"]
[EventType "team"]
[EventRounds "11"]
[EventCountry "AUT"]
[WhiteTeam "ASVOE Pamhagen"]
[BlackTeam "ASVOE Wulkaprodersdorf"]

1.Nf3 d5 2.c4 d4 3.b4 g5 4.h3 h6 5.g3 Bg7 6.d3 e5 7.Bg2 Be6 8.Nbd2 Nd7 9.a4 Ne7 10.Ba3
c6 11.Ne4 O-O 12.b5 f5 13.Nc5 Nxc5 14.Bxc5 Rc8 15.Nd2 Rf7 16.Bxa7 Ng6 17.c5 e4 18.dxe4
f4 19.O-O Qd7 20.Ra3 cxb5 21.axb5 Qxb5 22.Qb1 Qd7 23.e5 Nxe5 24.Ne4 fxg3 25.Rxg3 Ra8
26.Bb6 Nc4 27.Rc1 Be5 28.c6 Qe8 29.cxb7 Rb8 30.Nxg5 hxg5 31.Rxg5+ Rg7 32.Rxg7+ Kxg7
33.Qe4 Qh5 34.Ba7 Qg5 35.f4 Qxf4 36.Qxf4 Bxf4 37.Bxb8 Bxb8 38.Ra1 Ne5 39.Ra8 Nd7 40.Bc6
Bf4 41.Bxd7 Bxd7 42.h4 Bf5 43.b8=Q Bxb8 44.Rxb8 d3 45.e3 Kf6 46.Rd8 Ke5 47.Kf2 Bg6
48.Rd4 Be4 49.Kg3 Kf5 50.h5 Ke5 51.Kg4 Bh7 52.Kg5 Bf5 53.Kh6 Kf6 54.e4 Ke5 55.Rxd3
Bxe4 56.Re3 Kf4 57.Rxe4+ 1-0

[Event "1. Bundesliga 2017/2018"]
[Site "Grieskirchen"]
[Date "2018.01.18"]
[Round "5"]
[Board "5"]
[White "Mesaros, Florian"]
[Black "Vitouch, Anatol"]
[Result "1-0"]
[WhiteElo "2424"]
[BlackElo "2318"]
[PlyCount "87"]
[EventDate "2017.11.16"]
[EventType "team"]
[EventRounds "11"]
[EventCountry "AUT"]
[WhiteTeam "ASVOE Wulkaprodersdorf"]
[BlackTeam "ASVOE Pamhagen"]

1.Nf3 d6 2.d4 f5 3.g3 Nf6 4.Bg2 g6 5.b3 Bg7 6.Bb2 O-O 7.O-O e6 8.Nbd2 Ne4 9.Ne1 Nxd2
10.Qxd2 Nc6 11.Rd1 Qe7 12.e4 fxe4 13.Bxe4 e5 14.Bd5+ Kh8 15.Bxc6 bxc6 16.dxe5 Bxe5
17.Bxe5+ Qxe5 18.Nd3 Qf6 19.Qf4 Qxf4 20.Nxf4 g5 21.Ng2 Bf5 22.Rfe1 Rae8 23.Rxe8 Rxe8
24.Ne3 Bh3 25.Rd3 c5 26.f3 Bc8 27.Kf2 Kg7 28.Nd5 c6 29.Nc3 d5 30.Na4 c4 31.Rd2 cxb3
32.axb3 Bf5 33.Nc5 Rb8 34.Ke3 Rb5 35.Kd4 Kf6 36.c3 Ra5 37.g4 Bg6 38.Re2 Bf7 39.Nd7+
Kg7 40.Re7 c5+ 41.Nxc5 Kf6 42.Rb7 Bg6 43.Nd7+ Ke6 44.Nf8+ 1-0

[Event "1. Bundesliga 2017/2018"]
[Site "Grieskirchen"]
[Date "2018.01.18"]
[Round "5"]
[Board "6"]
[White "Kuthan, Andreas"]
[Black "Volkmann, Friedrich Karl"]
[Result "0-1"]
[WhiteElo "2194"]
[BlackElo "2403"]
[PlyCount "66"]
[EventDate "2017.11.16"]
[EventType "team"]
[EventRounds "11"]
[EventCountry "AUT"]
[WhiteTeam "ASVOE Pamhagen"]
[BlackTeam "ASVOE Wulkaprodersdorf"]

1.e4 c5 2.c3 Nf6 3.e5 Nd5 4.d4 cxd4 5.Nf3 d6 6.cxd4 Nc6 7.Bc4 dxe5 8.Nxe5 e6 9.O-O
Be7 10.Nf3 O-O 11.Nc3 Nxc3 12.bxc3 b6 13.Re1 Bb7 14.Bd3 Bf6 15.h4 Bxh4 16.Nxh4 Qxh4
17.Re3 g6 18.Rg3 Qe7 19.Qh5 f5 20.Ba3 Qxa3 21.Rxg6+ Kh8 22.Rxe6 Rg8 23.Bxf5 Rg7 24.Rae1
Ne7 25.Bxh7 Rxh7 26.Qe5+ Kg8 27.Qc7 Bd5 28.Rxe7 Rxe7 29.Rxe7 Qc1+ 30.Kh2 Qh6+ 31.Kg1
Qg5 32.f3 Bxf3 33.Qc4+ Kh8 0-1

[Event "1. Bundesliga 2017/2018"]
[Site "Grieskirchen"]
[Date "2018.01.18"]
[Round "5"]
[Board "1"]
[White "Lenic, Luka"]
[Black "Ragger, Markus"]
[Result "1/2-1/2"]
[WhiteElo "2653"]
[BlackElo "2673"]
[PlyCount "53"]
[EventDate "2017.11.16"]
[EventType "team"]
[EventRounds "11"]
[EventCountry "AUT"]
[WhiteTeam "SV Raika Rapid Feffernitz"]
[BlackTeam "SC MPOE Maria Saal"]

1.e4 c5 2.Nf3 d6 3.d4 cxd4 4.Nxd4 Nf6 5.Nc3 a6 6.Be3 e6 7.g4 h6 8.Bg2 e5 9.Nf5 g6
10.Qe2 gxf5 11.exf5 Rg8 12.h3 Qc7 13.f4 Bd7 14.O-O-O Bc6 15.fxe5 dxe5 16.Bb6 Qxb6
17.Qxe5+ Be7 18.Rhe1 Qb4 19.Bxc6+ Nxc6 20.Qxf6 Qf4+ 21.Kb1 Kf8 22.Rxe7 Nxe7 23.Rd4
Qf1+ 24.Rd1 Qf4 25.Rd4 Qf1+ 26.Rd1 Qf4 27.Rd4 1/2-1/2

[Event "1. Bundesliga 2017/2018"]
[Site "Grieskirchen"]
[Date "2018.01.18"]
[Round "5"]
[Board "2"]
[White "Predojevic, Borki"]
[Black "Skoberne, Jure"]
[Result "1/2-1/2"]
[WhiteElo "2640"]
[BlackElo "2569"]
[PlyCount "60"]
[EventDate "2017.11.16"]
[EventType "team"]
[EventRounds "11"]
[EventCountry "AUT"]
[WhiteTeam "SC MPOE Maria Saal"]
[BlackTeam "SV Raika Rapid Feffernitz"]

1.e4 e6 2.d4 d5 3.Nd2 c5 4.Ngf3 cxd4 5.Nxd4 Nc6 6.Bb5 Bd7 7.Nxc6 bxc6 8.Bd3 Bd6 9.Qe2
Qc7 10.Nf3 dxe4 11.Qxe4 Nf6 12.Qh4 Nd5 13.O-O Rb8 14.b3 Be7 15.Bg5 Bxg5 16.Qxg5 O-O
17.Rad1 h6 18.Qe5 Rfc8 19.c4 Nf6 20.Qe3 c5 21.Ne5 Be8 22.Bc2 Rd8 23.h3 Qa5 24.Bb1
Qb6 25.Bc2 Rd4 26.Nf3 Rdd8 27.Ne5 Rd4 28.Nf3 Rdd8 29.Ne5 Rd4 30.Nf3 Rdd8 1/2-1/2

[Event "1. Bundesliga 2017/2018"]
[Site "Grieskirchen"]
[Date "2018.01.18"]
[Round "5"]
[Board "3"]
[White "Diermair, Andreas"]
[Black "Naumann, Alexander"]
[Result "1/2-1/2"]
[WhiteElo "2514"]
[BlackElo "2551"]
[PlyCount "60"]
[EventDate "2017.11.16"]
[EventType "team"]
[EventRounds "11"]
[EventCountry "AUT"]
[WhiteTeam "SV Raika Rapid Feffernitz"]
[BlackTeam "SC MPOE Maria Saal"]

1.d4 Nf6 2.c4 e6 3.Nf3 d5 4.Nc3 Be7 5.Bg5 h6 6.Bh4 O-O 7.e3 Nbd7 8.Bd3 c5 9.cxd5 cxd4
10.Nxd4 Nxd5 11.Bxe7 Nxe7 12.O-O Nf6 13.Rc1 e5 14.Nf3 Bg4 15.Be2 Nc6 16.h3 Bh5 17.Qb3
Qe7 18.Rfd1 Rfd8 19.Qa4 a6 20.Ne4 Nxe4 21.Qxe4 Bg6 22.Qg4 Qf6 23.Qh4 Qxh4 24.Nxh4
Be4 25.Kf1 Kf8 26.Bf3 Bd3+ 27.Be2 Be4 28.Bf3 Bd3+ 29.Be2 Be4 30.Bf3 Bd3+ 1/2-1/2

[Event "1. Bundesliga 2017/2018"]
[Site "Grieskirchen"]
[Date "2018.01.18"]
[Round "5"]
[Board "4"]
[White "Buhmann, Rainer"]
[Black "Schreiner, Peter"]
[Result "1-0"]
[WhiteElo "2589"]
[BlackElo "2465"]
[PlyCount "155"]
[EventDate "2017.11.16"]
[EventType "team"]
[EventRounds "11"]
[EventCountry "AUT"]
[WhiteTeam "SC MPOE Maria Saal"]
[BlackTeam "SV Raika Rapid Feffernitz"]

1.Nf3 g6 2.e4 Bg7 3.d4 d6 4.c3 Nf6 5.Bd3 O-O 6.O-O Nbd7 7.a4 e5 8.dxe5 Nxe5 9.Nxe5
dxe5 10.Na3 Nh5 11.g3 Bh3 12.Re1 Qd7 13.Bf1 Qxd1 14.Rxd1 Bg4 15.Rd3 Be6 16.Be3 f5
17.Bc5 Rf7 18.Rad1 Bf6 19.exf5 gxf5 20.Be2 Ng7 21.f4 exf4 22.gxf4 Bb3 23.R1d2 Bxa4
24.Bf3 Ne6 25.Be3 Bc6 26.Bxc6 bxc6 27.Nc4 a5 28.Kf2 a4 29.Kf3 Re7 30.Rd1 Ree8 31.Rd7
Rad8 32.Rg1+ Kh8 33.Rf7 Rf8 34.Rxf8+ Rxf8 35.Bf2 Rg8 36.Re1 Re8 37.Ne5 Kg8 38.Nxc6
Kf7 39.Rd1 Nf8 40.Rd5 Re6 41.Nb4 Kg6 42.Bc5 Re8 43.Bxf8 Rxf8 44.Ra5 Rd8 45.Nd5 a3
46.bxa3 Bxc3 47.Rc5 Bd4 48.Rc6+ Kf7 49.Rxc7+ Ke6 50.Nb4 Ra8 51.Nc2 Bg1 52.Rxh7 Rc8
53.Rh6+ Kf7 54.Nb4 Rc3+ 55.Kg2 Bc5 56.Nd5 Rc2+ 57.Kg3 Bxa3 58.Rf6+ Kg7 59.Rxf5 Rd2
60.h4 Rd1 61.Rg5+ Kf7 62.Kg4 Rh1 63.Rf5+ Kg6 64.h5+ Kh6 65.Rf7 Bb2 66.Rb7 Bd4 67.Rb4
Bf2 68.Nf6 Rg1+ 69.Kf5 Bh4 70.Rb7 Bxf6 71.Kxf6 Ra1 72.f5 Kxh5 73.Rh7+ Kg4 74.Kg6 Kf4
75.f6 Rg1+ 76.Kf7 Ke5 77.Ke7 Ra1 78.Rh5+ 1-0

[Event "1. Bundesliga 2017/2018"]
[Site "Grieskirchen"]
[Date "2018.01.18"]
[Round "5"]
[Board "5"]
[White "Sebenik, Matej"]
[Black "Halvax, Georg"]
[Result "1-0"]
[WhiteElo "2562"]
[BlackElo "2434"]
[PlyCount "177"]
[EventDate "2017.11.16"]
[EventType "team"]
[EventRounds "11"]
[EventCountry "AUT"]
[WhiteTeam "SV Raika Rapid Feffernitz"]
[BlackTeam "SC MPOE Maria Saal"]

1.d4 d5 2.Nf3 Nf6 3.c4 e6 4.Nc3 Bb4 5.Qa4+ Nc6 6.Bg5 h6 7.Bxf6 Qxf6 8.e3 O-O 9.cxd5
exd5 10.Be2 Be6 11.O-O a6 12.Rfc1 Bd6 13.Qd1 Ne7 14.Na4 b6 15.b4 Bc8 16.Nb2 a5 17.b5
Bf5 18.Nd3 Ng6 19.a4 Rae8 20.Rc6 Bd7 21.Rc3 Bg4 22.Rac1 Re7 23.h3 Bf5 24.Qf1 Rfe8
25.Kh1 Kh8 26.Nh2 Qh4 27.Bg4 Bxg4 28.Nxg4 f6 29.Qd1 Qg5 30.Ne1 Qf5 31.Nf3 Kh7 32.Qc2
Qxc2 33.R1xc2 Nf8 34.g3 h5 35.Ngh2 g5 36.h4 g4 37.Ng1 Ng6 38.Ne2 Kg7 39.Nf1 Rd7 40.Kg2
Kf7 41.Nd2 Ke7 42.Nb3 Kd8 43.Nbc1 Ree7 44.Nd3 Re4 45.Nef4 Bxf4 46.Nxf4 Nxf4+ 47.gxf4
Re6 48.f5 Red6 49.Kg3 Kc8 50.f3 gxf3 51.Kxf3 Rg7 52.Rc6 Kb7 53.Rxd6 cxd6 54.Rc6 Rd7
55.e4 Re7 56.exd5 Rd7 57.Ke4 Rd8 58.Kd3 Rd7 59.Ke4 Rd8 60.Kf3 Rd7 61.Rc1 Rc7 62.Re1
Rc3+ 63.Kf4 Rc4 64.Re7+ Kc8 65.Ke4 Rxa4 66.Re6 Ra1 67.Rxd6 a4 68.Rc6+ Kd7 69.d6 a3
70.Kd5 a2 71.Rc7+ Kd8 72.Ra7 Ke8 73.Ra3 Kd8 74.Ra8+ Kd7 75.Ra7+ Ke8 76.d7+ Ke7 77.d8=Q+
Kxd8 78.Kd6 Kc8 79.d5 Kb8 80.Ra3 Kb7 81.Kd7 Rd1 82.Rxa2 Rxd5+ 83.Ke6 Rxb5 84.Kxf6
Rb1 85.Kg6 Rf1 86.f6 b5 87.Re2 Kc6 88.f7 Rg1+ 89.Kf6 1-0

[Event "1. Bundesliga 2017/2018"]
[Site "Grieskirchen"]
[Date "2018.01.18"]
[Round "5"]
[Board "6"]
[White "Kreisl, Robert"]
[Black "Novak, Pavel"]
[Result "1/2-1/2"]
[WhiteElo "2406"]
[BlackElo "2380"]
[PlyCount "62"]
[EventDate "2017.11.16"]
[EventType "team"]
[EventRounds "11"]
[EventCountry "AUT"]
[WhiteTeam "SC MPOE Maria Saal"]
[BlackTeam "SV Raika Rapid Feffernitz"]

1.Nf3 g6 2.e4 Bg7 3.d4 d6 4.c3 Nf6 5.Bd3 O-O 6.O-O c5 7.h3 cxd4 8.cxd4 Nc6 9.Nc3 e5
10.dxe5 dxe5 11.Bc4 Qb6 12.Nd5 Nxd5 13.Bxd5 Nd4 14.Nxd4 exd4 15.Qb3 Be6 16.Qxb6 axb6
17.Bxb7 Ra7 18.Bc6 Rc8 19.Bb5 Rxa2 20.Rxa2 Bxa2 21.Bf4 Rc5 22.Bd3 Bc4 23.Ra1 h5 24.Ra8+
Kh7 25.Bxc4 Rxc4 26.Rd8 d3 27.Rxd3 Rxe4 28.Be3 Bxb2 29.Rb3 Be5 30.Rxb6 Bf4 31.Bxf4
Rxf4 1/2-1/2

[Event "1. Bundesliga 2017/2018"]
[Site "Grieskirchen"]
[Date "2018.01.18"]
[Round "5"]
[Board "1"]
[White "Huschenbeth, Niclas"]
[Black "Bindrich, Falko"]
[Result "1/2-1/2"]
[WhiteElo "2560"]
[BlackElo "2588"]
[PlyCount "63"]
[EventDate "2017.11.16"]
[EventType "team"]
[EventRounds "11"]
[EventCountry "AUT"]
[WhiteTeam "Schachclub Sparkasse Goetzis"]
[BlackTeam "SK Hohenems"]

1.e4 e5 2.Nf3 Nf6 3.d4 Nxe4 4.Bd3 d5 5.Nxe5 Nd7 6.Nxd7 Bxd7 7.O-O Bd6 8.c4 c6 9.cxd5
cxd5 10.Nc3 Nxc3 11.bxc3 O-O 12.Qh5 g6 13.Qxd5 Qc7 14.g3 Bh3 15.Rd1 Bg4 16.Re1 Qxc3
17.Bh6 Rfe8 18.Be4 Ba3 19.Qxb7 Rad8 20.Be3 Re7 21.Qc6 Bb2 22.Rab1 Qxc6 23.Bxc6 Bxd4
24.Bxd4 Rxe1+ 25.Rxe1 Rxd4 26.Re4 Rxe4 27.Bxe4 Kf8 28.f3 Be6 29.a3 Ke7 30.Kf2 Kd6
31.Ke3 Kc5 32.Bd3 1/2-1/2

[Event "1. Bundesliga 2017/2018"]
[Site "Grieskirchen"]
[Date "2018.01.18"]
[Round "5"]
[Board "2"]
[White "Martinovic, Sasa"]
[Black "Krassowizkij, Jaroslaw"]
[Result "1-0"]
[WhiteElo "2594"]
[BlackElo "2442"]
[PlyCount "139"]
[EventDate "2017.11.16"]
[EventType "team"]
[EventRounds "11"]
[EventCountry "AUT"]
[WhiteTeam "SK Hohenems"]
[BlackTeam "Schachclub Sparkasse Goetzis"]

1.Nf3 Nf6 2.e3 g6 3.d4 Bg7 4.Be2 O-O 5.O-O c5 6.d5 e6 7.c4 exd5 8.cxd5 Re8 9.Nc3 Ne4
10.Nxe4 Rxe4 11.Qc2 Re8 12.Qxc5 d6 13.Qa3 Bg4 14.Bd2 Qb6 15.Rab1 Bf5 16.Ba5 Qc5 17.Bb4
Qxd5 18.Rbd1 Qe4 19.Nd4 Bg4 20.f3 Qxe3+ 21.Qxe3 Rxe3 22.Kf2 Rxe2+ 23.Nxe2 Be6 24.b3
d5 25.Bc3 Nc6 26.Bxg7 Kxg7 27.Nd4 Kf6 28.Rfe1 a5 29.a3 Rc8 30.g4 Nxd4 31.Rxd4 Kg5
32.Kg3 Rc3 33.Rb1 Kf6 34.Rd2 Ke5 35.a4 d4 36.Re1+ Kf6 37.Rxd4 Rxb3 38.h4 h6 39.Rf4+
Ke7 40.Rd4 Kf6 41.Ree4 b5 42.Rd6 Kg7 43.Ra6 bxa4 44.Rxa5 Bd7 45.Ra7 Bc6 46.Rf4 Be8
47.Rc4 Re3 48.Kf4 Re6 49.Re4 Rf6+ 50.Kg3 Bc6 51.Re3 Bb5 52.Ree7 Kf8 53.Rec7 g5 54.hxg5
hxg5 55.Rc3 Ra6 56.Rxa6 Bxa6 57.Rc5 a3 58.Rxg5 a2 59.Ra5 Bc4 60.Kf4 Ke7 61.Ke5 f6+
62.Kd4 Be2 63.Ke4 Bc4 64.f4 Be6 65.Ra7+ Kd6 66.f5 Bb3 67.Kd4 Bd1 68.g5 fxg5 69.Rxa2
g4 70.Ra7 1-0

[Event "1. Bundesliga 2017/2018"]
[Site "Grieskirchen"]
[Date "2018.01.18"]
[Round "5"]
[Board "3"]
[White "Walter, Stefan"]
[Black "Rozentalis, Eduardas"]
[Result "1/2-1/2"]
[WhiteElo "2405"]
[BlackElo "2518"]
[PlyCount "60"]
[EventDate "2017.11.16"]
[EventType "team"]
[EventRounds "11"]
[EventCountry "AUT"]
[WhiteTeam "Schachclub Sparkasse Goetzis"]
[BlackTeam "SK Hohenems"]

1.d4 Nf6 2.c4 e6 3.Nc3 Bb4 4.Qc2 O-O 5.a3 Bxc3+ 6.Qxc3 b6 7.Bg5 Ba6 8.Qf3 Nc6 9.e3
Rc8 10.Rc1 Bb7 11.Ne2 h6 12.Bxf6 Qxf6 13.Qxf6 gxf6 14.Nf4 Rfd8 15.Be2 Ne7 16.c5 d6
17.cxd6 cxd6 18.Kd2 Kf8 19.Rhg1 Ng6 20.g3 Nxf4 21.gxf4 Rxc1 22.Rxc1 Rc8 23.Rxc8+ Bxc8
24.Bf3 e5 25.Bd5 Ke7 26.Kd3 exf4 27.exf4 Bh3 28.Ke3 Be6 29.Be4 Bb3 30.Bf5 Bd5 1/2-1/2

[Event "1. Bundesliga 2017/2018"]
[Site "Grieskirchen"]
[Date "2018.01.18"]
[Round "5"]
[Board "4"]
[White "Baldauf, Marco"]
[Black "Kvetny, Mark"]
[Result "1/2-1/2"]
[WhiteElo "2481"]
[BlackElo "2403"]
[PlyCount "42"]
[EventDate "2017.11.16"]
[EventType "team"]
[EventRounds "11"]
[EventCountry "AUT"]
[WhiteTeam "SK Hohenems"]
[BlackTeam "Schachclub Sparkasse Goetzis"]

1.Nf3 c5 2.c4 g6 3.d4 cxd4 4.Nxd4 Bg7 5.e4 Nc6 6.Be3 Qb6 7.Nb3 Qd8 8.Qd2 Nf6 9.f3
a5 10.Nc3 a4 11.Nd4 Nxd4 12.Bxd4 d6 13.Be2 O-O 14.O-O Qa5 15.Rab1 Be6 16.b4 axb3 17.axb3
Qb4 18.Qb2 Qa3 19.Qd2 Qb4 20.Qb2 Qa3 21.Qd2 Qb4 1/2-1/2

[Event "1. Bundesliga 2017/2018"]
[Site "Grieskirchen"]
[Date "2018.01.18"]
[Round "5"]
[Board "6"]
[White "Baenziger, Fabian"]
[Black "Kranz, Armin"]
[Result "1-0"]
[WhiteElo "2365"]
[BlackElo "2045"]
[PlyCount "89"]
[EventDate "2017.11.16"]
[EventType "team"]
[EventRounds "11"]
[EventCountry "AUT"]
[WhiteTeam "SK Hohenems"]
[BlackTeam "Schachclub Sparkasse Goetzis"]

1.e4 e5 2.Nf3 Nc6 3.Nc3 Nf6 4.Bb5 Nd4 5.Bc4 Bc5 6.d3 d6 7.Na4 b5 8.Nxd4 bxc4 9.Nf5
Bxf5 10.exf5 cxd3 11.Nxc5 dxc5 12.Qxd3 O-O 13.Be3 Qc8 14.O-O-O e4 15.Qc4 Qxf5 16.h3
Rfe8 17.Qxc5 Qe6 18.Kb1 Rec8 19.Rd4 Rab8 20.Rhd1 Qb6 21.Qxb6 axb6 22.Bf4 h6 23.Be5
Rb7 24.Rd8+ Rxd8 25.Rxd8+ Kh7 26.Bxf6 gxf6 27.Rd7 Kg6 28.g4 Ra7 29.b3 f5 30.a4 fxg4
31.hxg4 f5 32.gxf5+ Kxf5 33.Rh7 Kg5 34.Kc1 h5 35.Kd2 b5 36.axb5 Ra5 37.c4 Ra2+ 38.Ke3
Rb2 39.Kxe4 Rxf2 40.Rxc7 Rb2 41.Rg7+ Kf6 42.Rg3 Ke6 43.Rh3 Kd6 44.Kd4 Rd2+ 45.Kc3 1-0

[Event "1. Bundesliga 2017/2018"]
[Site "Grieskirchen"]
[Date "2018.01.18"]
[Round "5"]
[Board "1"]
[White "Dizdar, Goran"]
[Black "Mons, Leon"]
[Result "1/2-1/2"]
[WhiteElo "2488"]
[BlackElo "2542"]
[PlyCount "167"]
[EventDate "2017.11.16"]
[EventType "team"]
[EventRounds "11"]
[EventCountry "AUT"]
[WhiteTeam "Schachklub Absam"]
[BlackTeam "SIR Royal Salzburg"]

1.Nf3 b6 2.e4 Bb7 3.Nc3 e6 4.d4 Bb4 5.Bd3 Nf6 6.Qe2 d5 7.exd5 Qxd5 8.O-O Bxc3 9.bxc3
O-O 10.Bg5 Nbd7 11.c4 Qd6 12.Rfd1 h6 13.Bh4 Nh5 14.Qe3 Qf4 15.Qxf4 Nxf4 16.Bf1 Bxf3
17.gxf3 g5 18.Bg3 c5 19.c3 f5 20.Re1 Kf7 21.Bxf4 gxf4 22.a4 a5 23.Rab1 Rg8+ 24.Kh1
Rab8 25.Rb2 Kf6 26.Bd3 e5 27.Rbe2 Rbe8 28.Bc2 Re7 29.Bb1 Rge8 30.d5 Rg7 31.Rg1 Reg8
32.Rxg7 Rxg7 33.Rb2 Rg5 34.Bc2 Kg6 35.Rb1 Kh5 36.Re1 Kh4 37.Rd1 Kh3 38.Rg1 Kh4 39.Rd1
Kh5 40.Re1 Kg6 41.Rb1 Kf6 42.Rd1 Ke7 43.Re1 Kd6 44.Rb1 Ke7 45.Re1 Kf6 46.Rd1 Rg7 47.Rb1
Re7 48.Re1 Nf8 49.Rb1 Rb7 50.Kg2 Ng6 51.Kf1 Nh8 52.Ke2 Nf7 53.Rg1 Rb8 54.h4 h5 55.Rg2
Re8 56.Rg1 e4 57.Rb1 Nd6 58.Rxb6 Ke5 59.fxe4 fxe4 60.f3 e3 61.Bd3 Rg8 62.Kf1 Rg3 63.Be2
Rg7 64.Bd3 Rb7 65.Rxb7 Nxb7 66.Bg6 Nd6 67.Bxh5 Nf5 68.Bg6 Nd6 69.Bd3 Kf6 70.Kg2 Nf7
71.Kh3 Ne5 72.Be2 Kg6 73.d6 Kh5 74.Bd1 Nd7 75.Be2 Ne5 76.Bd3 Nd7 77.Be2 Ne5 78.Bd3
Kh6 79.Kg2 Kh5 80.Kh3 Kh6 81.Bf1 Kh5 82.Be2 Nd7 83.Bd3 Ne5 84.Be2 1/2-1/2

[Event "1. Bundesliga 2017/2018"]
[Site "Grieskirchen"]
[Date "2018.01.18"]
[Round "5"]
[Board "2"]
[White "Bromberger, Stefan"]
[Black "Bayer, Bernhard"]
[Result "1/2-1/2"]
[WhiteElo "2479"]
[BlackElo "2425"]
[PlyCount "93"]
[EventDate "2017.11.16"]
[EventType "team"]
[EventRounds "11"]
[EventCountry "AUT"]
[WhiteTeam "SIR Royal Salzburg"]
[BlackTeam "Schachklub Absam"]

1.e4 c6 2.d4 d5 3.e5 Bf5 4.Nf3 e6 5.Be2 Nd7 6.O-O a6 7.Nbd2 Ne7 8.c4 h6 9.b3 Bh7 10.Bb2
g5 11.Rc1 Ng6 12.Bd3 Be7 13.Qc2 O-O 14.g3 Rc8 15.Qb1 Kh8 16.Rc2 Rg8 17.Rfc1 Rg7 18.cxd5
exd5 19.Ne1 g4 20.Nf1 Bg5 21.Rd1 h5 22.f4 gxf3 23.Nxf3 Ngf8 24.Bc1 Ne6 25.Bxh7 Rxh7
26.Ne3 Bxe3+ 27.Bxe3 f6 28.Rf2 fxe5 29.dxe5 Qg8 30.Nh4 Qg4 31.Rdf1 Rg8 32.Rf7 Rgg7
33.Rxg7 Rxg7 34.Nf5 Rf7 35.Nd6 Rf3 36.Nf7+ Kg7 37.Nh6 Qe4 38.Qxe4 Rxf1+ 39.Kxf1 dxe4
40.Nf5+ Kg6 41.Nd6 b5 42.Bf4 Nb6 43.Nxe4 Nd5 44.Bd2 Kf5 45.Nf6 Nxf6 46.exf6 Kxf6 47.Ke2 1/2-1/2

[Event "1. Bundesliga 2017/2018"]
[Site "Grieskirchen"]
[Date "2018.01.18"]
[Round "5"]
[Board "3"]
[White "Lehner, Oliver"]
[Black "Seyb, Alexander"]
[Result "1-0"]
[WhiteElo "2402"]
[BlackElo "2395"]
[PlyCount "141"]
[EventDate "2017.11.16"]
[EventType "team"]
[EventRounds "11"]
[EventCountry "AUT"]
[WhiteTeam "Schachklub Absam"]
[BlackTeam "SIR Royal Salzburg"]

1.Nf3 g6 2.d4 Nf6 3.c4 Bg7 4.Nc3 d5 5.Bf4 O-O 6.Rc1 dxc4 7.e4 Bg4 8.Bxc4 Nh5 9.Be3
Bxf3 10.gxf3 e5 11.dxe5 Bxe5 12.Qxd8 Rxd8 13.O-O Nd7 14.b4 Nb6 15.Ne2 Nxc4 16.Rxc4
c6 17.b5 cxb5 18.Rc5 Bg7 19.Rxb5 Rd7 20.Rfb1 b6 21.a4 Rc8 22.a5 Rc2 23.axb6 axb6 24.Kf1
Bf6 25.Rxb6 Kg7 26.Rb7 Rxb7 27.Rxb7 Rc4 28.Rb5 Kf8 29.e5 Bg7 30.Kg2 Ke7 31.Rb7+ Ke6
32.f4 g5 33.Nd4+ Kd5 34.fxg5 Bxe5 35.Rb5+ Rc5 36.Rxc5+ Kxc5 37.Nf3+ Kd5 38.Kh3 Bc3
39.Kg4 Ng7 40.Bc1 Ke6 41.Nh4 f6 42.f4 fxg5 43.fxg5 Kf7 44.Bf4 Ne6 45.Bd6 Bd2 46.Nf3
Bc1 47.Ne5+ Kg7 48.Be7 Kg8 49.h4 Bb2 50.Nf3 Kf7 51.Bd6 h6 52.gxh6 Kg6 53.Ng5 Nxg5
54.hxg5 Bc1 55.Bf4 Bb2 56.Kf3 Kf5 57.Bd2 Kg6 58.Ke4 Ba3 59.Ke5 Bb2+ 60.Ke6 Ba3 61.Bf4
Bf8 62.Kd7 Bb4 63.Ke8 Bc5 64.h7 Bd4 65.Kf8 Kxh7 66.Kf7 Bc3 67.g6+ Kh8 68.Bg5 Bd4 69.Bf6+
Bxf6 70.Kxf6 Kg8 71.g7 1-0

[Event "1. Bundesliga 2017/2018"]
[Site "Grieskirchen"]
[Date "2018.01.18"]
[Round "5"]
[Board "4"]
[White "Hilverda, Alexander"]
[Black "Wegerle, Joerg"]
[Result "1/2-1/2"]
[WhiteElo "2368"]
[BlackElo "2421"]
[PlyCount "75"]
[EventDate "2017.11.16"]
[EventType "team"]
[EventRounds "11"]
[EventCountry "AUT"]
[WhiteTeam "SIR Royal Salzburg"]
[BlackTeam "Schachklub Absam"]

1.d4 d5 2.c4 e6 3.Nf3 Be7 4.g3 Nf6 5.Bg2 O-O 6.O-O b6 7.cxd5 exd5 8.Nc3 Bb7 9.Ne5
Na6 10.Bg5 Ne4 11.Bxe7 Qxe7 12.Nd3 Rad8 13.Rc1 Rfe8 14.e3 c5 15.Nf4 Nxc3 16.Rxc3 c4
17.Ra3 Qb4 18.Bxd5 Bxd5 19.Nxd5 Rxd5 20.Rxa6 Qxb2 21.Rxa7 Ra5 22.Rxa5 bxa5 23.Qb1
Qe2 24.Qb5 Rc8 25.Qa6 Re8 26.Qxa5 h5 27.Re1 Qb2 28.Qxh5 c3 29.Qe2 Rc8 30.Qd1 c2 31.Qc1
Qxa2 32.Kg2 Qd5+ 33.f3 Qc4 34.Kf2 Qd3 35.Re2 Qd1 36.Re1 Qd3 37.Re2 Qd1 38.Re1 1/2-1/2

[Event "1. Bundesliga 2017/2018"]
[Site "Grieskirchen"]
[Date "2018.01.18"]
[Round "5"]
[Board "5"]
[White "Deglmann, Ludwig"]
[Black "Klek, Hanna Marie"]
[Result "0-1"]
[WhiteElo "2278"]
[BlackElo "2327"]
[PlyCount "78"]
[EventDate "2017.11.16"]
[EventType "team"]
[EventRounds "11"]
[EventCountry "AUT"]
[WhiteTeam "Schachklub Absam"]
[BlackTeam "SIR Royal Salzburg"]

1.e4 e5 2.Bc4 Nf6 3.d3 Bc5 4.Nc3 c6 5.Qf3 d6 6.h3 b5 7.Bb3 a5 8.a3 Be6 9.Bxe6 fxe6
10.Be3 Nbd7 11.Bxc5 Nxc5 12.Nge2 O-O 13.Qe3 Nh5 14.g3 Nd7 15.O-O d5 16.d4 Qe8 17.dxe5
Nxe5 18.f4 Nc4 19.Qc1 Qg6 20.g4 b4 21.axb4 axb4 22.Rxa8 Rxa8 23.f5 exf5 24.exf5 Qd6
25.gxh5 bxc3 26.bxc3 Qe5 27.Rf2 Ne3 28.Nf4 Qxc3 29.Ne2 Ra1 30.Nxc3 Rxc1+ 31.Kh2 Rxc2
32.Rxc2 Nxc2 33.Kg3 Kf7 34.Kf4 Kf6 35.Ne2 h6 36.h4 c5 37.Nc3 Nb4 38.Nb5 c4 39.Nc7
c3 0-1

[Event "1. Bundesliga 2017/2018"]
[Site "Grieskirchen"]
[Date "2018.01.18"]
[Round "5"]
[Board "6"]
[White "Durakovic, Alman"]
[Black "De Francesco, Klaus"]
[Result "0-1"]
[WhiteElo "2279"]
[BlackElo "2295"]
[PlyCount "68"]
[EventDate "2017.11.16"]
[EventType "team"]
[EventRounds "11"]
[EventCountry "AUT"]
[WhiteTeam "SIR Royal Salzburg"]
[BlackTeam "Schachklub Absam"]

1.d4 d5 2.c4 c6 3.Nc3 Nf6 4.e3 g6 5.Bd3 Bg7 6.Nf3 O-O 7.O-O a6 8.Qb3 dxc4 9.Bxc4 b5
10.Be2 Nbd7 11.Rd1 Qb6 12.e4 e5 13.Nxe5 Nxe5 14.dxe5 Ng4 15.Bxg4 Bxg4 16.Rf1 Bxe5
17.Be3 Bd4 18.Bxd4 Qxd4 19.h3 Be6 20.Qc2 Rad8 21.Rfd1 Qc5 22.Qe2 Qg5 23.Kh2 Rxd1 24.Rxd1
b4 25.Na4 Bxa2 26.Ra1 Be6 27.Nb6 a5 28.Qc2 Qb5 29.Na4 Rd8 30.Nc5 Bc4 31.Nb3 a4 32.Nd2
Be6 33.Nf3 Bb3 34.Qc1 Rd1 0-1

[Event "1. Bundesliga 2017/2018"]
[Site "Grieskirchen"]
[Date "2018.01.19"]
[Round "6"]
[Board "1"]
[White "Dragnev, Valentin"]
[Black "Mons, Leon"]
[Result "1/2-1/2"]
[WhiteElo "2482"]
[BlackElo "2542"]
[PlyCount "113"]
[EventDate "2017.11.16"]
[EventType "team"]
[EventRounds "11"]
[EventCountry "AUT"]
[WhiteTeam "mpimmo Wien - SK Ottakring"]
[BlackTeam "SIR Royal Salzburg"]

1.e4 e5 2.Nf3 Nc6 3.Bb5 a6 4.Ba4 Nf6 5.O-O Be7 6.Re1 b5 7.Bb3 d6 8.a4 Bg4 9.c3 Na5
10.Bc2 b4 11.d4 O-O 12.h3 Bxf3 13.Qxf3 c5 14.dxe5 dxe5 15.Nd2 c4 16.Qg3 bxc3 17.bxc3
Qc7 18.Nf1 Kh8 19.Ne3 g6 20.Nd5 Nxd5 21.exd5 Nb3 22.Bxb3 cxb3 23.c4 Rab8 24.Bb2 f6
25.Rac1 Bc5 26.h4 Qd7 27.a5 Qf5 28.Red1 Kg7 29.Rd2 h6 30.Rcd1 Rfd8 31.Re2 g5 32.Rde1
Qf4 33.Qd3 Qxh4 34.g3 Qh5 35.Qf5 Qf7 36.Kg2 Bd6 37.Re3 Qg6 38.Qe6 Qf7 39.Qf5 Qd7 40.Qf3
Rdc8 41.Rh1 Rxc4 42.Rxh6 Qf7 43.Rh1 Qg6 44.Qe2 Qc2 45.Qh5 g4 46.Bxe5 Bxe5 47.Rxe5
fxe5 48.Qxe5+ Kf7 49.Qe6+ Kg7 50.Qe7+ Kg8 51.Qe6+ Kg7 52.Qe5+ Kf7 53.Qe6+ Kg7 54.Qe7+
Kg8 55.Qe6+ Kg7 56.Qh6+ Kf7 57.Qe6+ 1/2-1/2